Minimally invasive surgery of the head, neck, and cranial base

This book describes current endoscopic techniques in all areas of otolaryngology-head and neck surgery. Coverage includes otology, neuro-otology, cranial base surgery, paranasal sinus surgery, head and neck/plastic and reconstructive surgery, laryngology, and broncho-esophagology. The book focuses o...

Ausführliche Beschreibung

Gespeichert in:
Bibliographische Detailangaben
1. Verfasser: Wackym, Phillip A.
Weitere Verfasser: Rice, Dale H. (HerausgeberIn), Schaefer, Steven D. (HerausgeberIn)
Format: Buch
Sprache:Vietnamese
Veröffentlicht: Philadelphia Lippincott Williams & Wilkins 2002
Schlagworte:
Tags: Tag hinzufügen
Keine Tags, Fügen Sie den ersten Tag hinzu!
Thư viện lưu trữ: Thư viện Trường Đại học Nam Cần Thơ
LEADER 01607nam a22002297a 4500
001 NCT_79282
008 200429b xxu||||| |||| 00| 0 vie d
999 |c 3875  |d 3875 
020 |a 0781720451 
082 0 4 |2 23rd ed.  |a 617.51  |b W115 
100 1 |a Wackym, Phillip A. 
245 1 0 |a Minimally invasive surgery of the head, neck, and cranial base  |c Philip A. Wackym, Dale H. Rice, Steven D. Schaefer (Editor) 
260 |a Philadelphia  |b Lippincott Williams & Wilkins  |c 2002 
300 |a xi, 559 p.  |b ill.  |c 28cm 
504 |a Includes bibliographical references and index 
520 3 |a This book describes current endoscopic techniques in all areas of otolaryngology-head and neck surgery. Coverage includes otology, neuro-otology, cranial base surgery, paranasal sinus surgery, head and neck/plastic and reconstructive surgery, laryngology, and broncho-esophagology. The book focuses on detailed methods that will help general otolaryngologists and subspecialists adopt the techniques into practice. The authors discuss the treatment advantages and limitations of each technique. Complementing the text are more than 500 full-color intraoperative endoscopic photographs, as well as grayscale endoscopic photographs, patient positioning photographs, equipment photographs, and drawings. 
653 |a Y đa khoa 
700 1 |a Rice, Dale H.   |e Editor 
700 1 |a Schaefer, Steven D.   |e Editor 
942 |2 ddc  |c BK 
952 |0 0  |1 0  |2 ddc  |4 0  |6 617_510000000000000_W115  |7 0  |9 19505  |a 000001  |b 000001  |d 2020-04-29  |o 617.51 W115  |p MD.17129  |r 2020-04-29  |w 2020-04-29  |y BK 
980 |a Thư viện Trường Đại học Nam Cần Thơ